000 00523nam a2200169 4500
001 140534
003 ES-MaACL
005 20230906200111.0
007 t|
008 070214s1905 fr r ||||1| fre d
100 1 _aSeignobos, Charles (
_d1854-1942)
_9105259
245 1 0 _aHistoire de la civilisation au Moyen Age et dans les temps modernes /
_cpar Ch. Seignobos.
250 _a4ème éd.
260 _aParis :
_b[s. n.],
_c1905 (
_eCorbeil :
_fCrété)
300 _a442 p. ;
_c18 x 12 cm.
852 _aES-MaACL
_jB-2693
999 _c140534
_d140534